Statystyki dla Akta dyktatora: Adolf Hitler

Kliknij tutaj aby rozwiązać quiz!

Ogólne statystyki

  • Ten quiz został rozwiązany 650 razy
  • Średni wynik to 11 z 20

Statystyki odpowiedzi

WskazówkaOdpowiedź% Poprawnych
Jaki kraj najechały Niemcy we wrześniu 1939 r. - rozpoczynając II wojnę światową?Polska
99%
W jakim kraju urodził się Hitler?Austria
92%
Jakiej partii politycznej przewodził Hitler?Nazistowska
77%
Kim był Hitler jako młody człowiek?Malarz
75%
Jaki starożytny indyjski symbol został przyjęty jako logo tej partii?Swastyka
74%
Z jakim krajem podpisał pakt o nieagresji w 1939 roku?Związek Radziecki
74%
Jaką autobiografię napisał Hitler w więzieniu?Mein Kampf
64%
Jak nazywa się zabójstwo 6 milionów Żydów przez Hitlera?Holokaust
63%
W jakim mieście doszło do „puczu piwnego”,
nieudanego zamachu stanu Hitlera w 1923 roku?
Monachium
62%
Jakiego tytułu, oznaczającego „przywódcę”, użył?Führer
61%
Ile lat Hitler myślał, że Trzecia Rzesza będzie trwać? (W rzeczywistości trwało to dwanaście)1,000
55%
Kto poślubił Hitlera na krótko przed popełnieniem samobójstwa?Eva Braun
52%
Z jakim innym dyktatorem podpisał „Pakt Stalowy” w 1939 roku?Benito Mussolini
48%
W jakiej wojnie uczestniczył jako żołnierz?I wojna światowa
47%
Kto parodiował Hitlera w filmie „Wielki dyktator” z 1940 roku?Charlie Chaplin
46%
W jakim mieście odbywały się coroczne
wiece polityczne tej partii (a później trybunały wojenne)?
Norymberga
42%
Kto powiedział: „Gdyby Hitler najechał piekło,
powiedziałbym przynajmniej przychylnie do diabła w Izbie Gmin”
Winston Churchill
36%
Który dowódca Luftwaffe był jego zastępcą w latach 1941-1945?Hermann Göring
30%
Czego nie zjadł Hitler?Mięso
20%
Który kompozytor „Ride the Valkyries” był jednym z ulubionych przez Hitlera?Richard Wagner
19%

Rozkład punktacji

Percentyl według liczby udzielonych odpowiedzi

Procent ludzi z każdym wynikiem

Twoja historia wyników

Nie rozwiązałeś tego quizu